<?xml version="1.0" encoding="UTF-8"?>
<collection xmlns="http://www.loc.gov/MARC21/slim">
    <record>
        <controlfield tag="001">5880</controlfield>
        <controlfield tag="005">20170405091946.0</controlfield>
        <datafield tag="037" ind1=" " ind2=" ">
            <subfield code="a">CORRESP-2011-085</subfield>
        </datafield>
        <datafield tag="041" ind1=" " ind2=" ">
            <subfield code="a">spa</subfield>
        </datafield>
        <datafield tag="100" ind1="1" ind2=" ">
            <subfield code="a">Alvarez de Miranda, A.</subfield>
        </datafield>
        <datafield tag="245" ind1="0" ind2="0">
            <subfield code="a">Carta mecanografiada de A. Alvarez de Miranda a Miguel Labordeta - 26/07/1950</subfield>
            <subfield code="f">1950-07-26</subfield>
        </datafield>
        <datafield tag="260" ind1=" " ind2=" ">
            <subfield code="a">Roma</subfield>
            <subfield code="c">1950</subfield>
        </datafield>
        <datafield tag="300" ind1=" " ind2=" ">
            <subfield code="3">carta mecanografiada</subfield>
            <subfield code="a">1 p.</subfield>
        </datafield>
        <datafield tag="500" ind1=" " ind2=" ">
            <subfield code="a">Mecanografiada</subfield>
        </datafield>
        <datafield tag="653" ind1="1" ind2=" ">
            <subfield code="a">Regalo</subfield>
        </datafield>
        <datafield tag="653" ind1="1" ind2=" ">
            <subfield code="a">Libro</subfield>
        </datafield>
        <datafield tag="653" ind1="1" ind2=" ">
            <subfield code="a">Crítica</subfield>
        </datafield>
        <datafield tag="700" ind1=" " ind2=" ">
            <subfield code="a">Labordeta Subías, Miguel</subfield>
            <subfield code="e">destinatario</subfield>
        </datafield>
        <datafield tag="856" ind1="0" ind2=" ">
            <subfield code="f">575229@celes.unizar.es</subfield>
        </datafield>
        <datafield tag="856" ind1="4" ind2=" ">
            <subfield code="s">148213</subfield>
            <subfield code="u">http://zaguan.unizar.es/record/5880/files/CORRESP-2011-085.pdf</subfield>
            <subfield code="z">Original (spa)</subfield>
        </datafield>
        <datafield tag="856" ind1="4" ind2=" ">
            <subfield code="s">40065</subfield>
            <subfield code="u">http://zaguan.unizar.es/record/5880/files/CORRESP-2011-085_2.pdf</subfield>
            <subfield code="z">Transcripción</subfield>
        </datafield>
        <datafield tag="980" ind1=" " ind2=" ">
            <subfield code="a">PERSONAL</subfield>
            <subfield code="b">MLABORDETA</subfield>
        </datafield>
    </record>

    
</collection>